| 000 | 01362cam a22001934a 4500 | ||
|---|---|---|---|
| 005 | 20250605164038.0 | ||
| 008 | 250528s ||||||||||||||||||||||||d | ||
| 035 | _a16899 | ||
| 020 | _a9604052969 | ||
| 040 |
_aGR-AtMCL _bgre _dGR-AtMCL _eAACR2 |
||
| 245 | 1 | _aΣυσκευασία και Περιβάλλον | |
| 260 |
_bΊων, _c1991 |
||
| 300 | _a256 | ||
| 520 | _aΠρόλογος, Ο Ρόλος της Συσκευασίας, Κριτήρια Αξιολόγησης μιας Συσκευασίας από Οικολογική Άποψη, Κατανάλωση Πρώτων Υλών και Διατήρηση Φυσικών Πόρων, Κατανάλωση Ενέργειας, Συμμετοχή των Υλικών Συσκευασίας στα Οικιακά Απορρίμματα, Διάθεση των Απορριμμάτων, Συσκευασίες Aerosol, Ρύπανση του Περιβάλλοντος κατά την Παραγωγή των Υλικών Συσκευασίας, Περιβαλλοντική Νομοθεσία για τη Συσκευασία, Παράρτημα, Ερμηνευτικό Γλωσσάριο Περιβαλλοντικών Όρων, Ευρετήριο, Ευρετήριο Ξενόγλωσσων Όρων. | ||
| 700 | 1 |
_aΚαρακασίδη Ν. Γ _92991 |
|
| 942 | _cBK | ||
| 999 |
_c2349 _d2349 |
||